01178cam a2200349 i 45000010008000000030009000080050017000170070008000340080038000420150006000800170009000860200018000950350006001130400025001190800006001440820020001501000021001702400056001912450136002472600065003833000019004485000064004675000073005315040028006046500038006326500029006706500031006996500021007306500016007517000029007677000032007960000568DO-SdBNP20171110094744.00000568100514s 2010 mx 000 f spa  a  a b  a9786071105752 a  aBPMSUbspacBPMSUe  a  4a613.9071bL991m1 aLyon, Maureen E.14aMy teen has had sex. Now what do i do? /lEspañol10aMi hijo adolescente ya tiene sexob¿ahora qué hago?cMaureen E. Lyon, Christina Breda Antoniades ; traducción Vicente Herrasti aMéxico :bSantillana ediciones generales,bAguilar,c2010. a263 p.: c24 m aIncluye datos biográficos de las autoras en las solapas.  aIncluye referencias bibliográficas y notas al pie de las páginas aBibliografia p: 261-263 4aEDUCACIÓN SEXUAL PARA JÓVENES 4aEMBARAZO EN ADOLESCENTES 4aENFERMEDADES TRANSMISIBLES 4aCONDUCTA SEXUAL  4aADOLESCENTE12aHerrasti, Vicenteetrad.12aBreda Antoniades, Christina